000 01094nam a22003490a 4500
001 PT28381
003 AR-LpoUNG
005 20210131233429.0
008 191001s2006||||ag |||||||||||||||||spa d
020 _a9879035356
_c$7.4
040 _aAR-LpoUNG
_bspa
_cAR-LpoUNG
_eaacr
041 _aspa
044 _aag
082 0 _a982.064 12mem
100 1 _aOberti, Alejandra
245 1 0 _aMemorias en montaje :
_bescrituras de la militancia y pensamientos sobre la historia
250 _a1ra ed.
260 _aBuenos Aires :
_bEl Cielo por Asalto,
_c2006.
300 _a268 p. :
_bgráfs.
520 _a<p>Intenta aportar a la construcción de una memoria crítica mediante una variedad de narraciones sobre la militancia setentista y un recorrido por distintos pensadores.</p>
650 4 _aANALISIS SOCIOLOGICO
650 4 _aARGENTINA
650 4 _aDICTADURA
650 4 _aGOBIERNO MILITAR
650 4 _aHISTORIA
650 4 _aPARTICIPACION SOCIAL
651 4 _aArgentina
653 _aDESAPARECIDOS
700 1 _aPittaluga, Roberto
905 _a28381
942 _cLSALA
999 _c20583
_d20583